000 01909nam a2200397 a 4500
001 dia_5515
003 CHAP
005 20250826184318.0
007 ta
008 220117s1992 mx ae f 001 0 spa d
040 _cCHAP
_amxchpua
090 _aT.C.138
_bC45 ETIPA
_c1992
245 1 0 _aEstudio técnico-ingenieril de la empresa industrializadora de carnes de Atotonilco S. A. /
_ccoordinador Walter Chisholm Stadard ; colaborador María Rosario Alcocer Martínez...[y otros]
260 _aMéxico :
_bEl autor,
_c1992
300 _aiii, 112 hojas :
_bilustraciones, tablas, planos
336 _2rdacontent
_atexto
_btxt
337 _2rdamedia
_asin medio
_bn
338 _2rdacarrier
_avolumen
_bnc
500 _aGrado : 7° año
502 _aViaje de estudios
_b(ETIPA) --
_cUACh. Departamento de Ingeniería Agroindustrial,
_d1992
505 0 0 _aContiene 6 Planos : -- 1.Planos de distribución de áreas del rastro y empacadora INCASA -- 2. Diagrama de iluminación del rastro y empacadora INCASA -- 3. Diagrama de flujo del rastro y empacadora INCASA -- 4. Plano de distribución de equipo y tubería de servicio -- 5. Plano de instalación frigorífica del rastro y empacadora INCASA -- 6. Plano de modificaciones propuestas para el rastro y empacadora INCASA
650 1 3 _aCarne de puerco
_919173
650 1 0 _aMataderos
_zMéxico
_zJalisco
_9154201
650 1 3 _aPlantas empacadoras de carne
_9158824
_zMéxico
_zJalisco
650 1 3 _aMeat packing plants
_9158823
_zMexico
_zJalisco
650 1 3 _aPork
_9147688
650 1 0 _aSlaughterhouses
_zMexico
_zJalisco
_9154203
700 1 _aChisholm Stadard, Walter
_922630
_ecoordinador
700 1 _aAlcocer Martínez, María Rosario
_93641
_ecolaborador
901 _aT.C.138 C45 ETIPA 1992
902 _aM
905 _a5332271992 mx eian8222223322spa16
942 _2local
942 _cVE
999 _c176434
_d176434